000
00307nam a2200109 4500
999
_c
10586
_d
10586
008
180907b ||||| |||| 00| 0 eng d
245
_a
Wifi service installed at Boracay airport.
260
_a
Philippines
_b
The Philippine Star
_c
c2016
300
_a
page E-2.
650
0
_9
30993
_a
Internet.
942
_2
ddc
_c
PER